00229nam a2200085Ia 4500008004100000100001900041245006000060260001400120260000900134170617s9999 xx 000 0 und d aRobbers- Tuler 0aTyler's Herbs of Choise Therapeutic use Phytomedicinals bC B S Pub c2002